| 000 | 01266cam a2200313 i 4500 | ||
|---|---|---|---|
| 001 | 18746802 | ||
| 003 | NUST | ||
| 005 | 20230119132625.0 | ||
| 008 | 150817s2016 maua b 001 0 eng | ||
| 010 | _a 2015451655 | ||
| 020 | _a978-93-325-4890-9 | ||
| 020 | _a9780133898163 | ||
| 040 |
_aDLC _cDLC |
||
| 042 | _apcc | ||
| 050 | 0 | 0 |
_aT58.6 _b.L376 2016 |
| 082 | _a658.4038,LAU | ||
| 100 | 1 |
_aLaudon, Kenneth C., _d1944- _eauthor. _999417 |
|
| 245 | 1 | 0 |
_aManagement information systems : _bmanaging the digital firm / _cKenneth C. Laudon, New York University, Jane P. Laudon, Azimuth Information Systems. |
| 250 | _aFourteenth edition. | ||
| 264 | 1 |
_aBoston : _bPearson, _c[2016] |
|
| 300 |
_axxxii, 604, [33] pages : _bcolor illustrations ; _c28 cm |
||
| 336 |
_atext _2rdacontent |
||
| 337 |
_aunmediated _2rdamedia |
||
| 338 |
_avolume _2rdacarrier |
||
| 505 | _aPart-1: Organizations, Management, and the Networks Enterprise (Page-1), Part-2: Information Technology Infrastructure (Page-177), Part-3: Key System Application for the Digital Age (Page-365), Part-4: Building and Managing Systems (page-531). | ||
| 650 | 0 | _aManagement information systems. | |
| 700 | 1 |
_aLaudon, Jane P. _q(Jane Price), _eauthor. _9107091 |
|
| 942 |
_2ddc _cBK _k658.4038,LAU |
||
| 999 |
_c592952 _d592952 |
||